| 000 | 00608nam a2200193 a 4500 | ||
|---|---|---|---|
| 008 | 120416s1972 ||||||||||||||||| || u | ||
| 020 | _a0177710179 | ||
| 050 | _aHD 69.D4 Coy | ||
| 100 | _aCoyle, R.G | ||
| 245 | 1 | 0 | _aDecision analysis |
| 260 |
_aLondon _bNelson _c1972 |
||
| 300 | _a[7], 122 p. illus. | ||
| 350 | _a0.00 | ||
| 500 | _aIncludes index. | ||
| 650 | 0 | _aMANAGEMENT | |
| 650 | _aSTATISTICAL DECISION | ||
| 650 | 0 | _aDECISION MAKING | |
| 995 |
_D0.00 _FCBU-MAIN LIBRARY (Kitwe) _H1 _I2.85 _M1 _UAVAILABLE _ZAnnex Low-Usage Collection |
||
| 999 |
_c39509 _d39509 |
||